<?xml version="1.0" encoding="UTF-8"?>
<record
    xmlns:xsi="http://www.w3.org/2001/XMLSchema-instance"
    xsi:schemaLocation="http://www.loc.gov/MARC21/slim http://www.loc.gov/standards/marcxml/schema/MARC21slim.xsd"
    xmlns="http://www.loc.gov/MARC21/slim">

  <leader>00195nam a2200085   4500</leader>
  <controlfield tag="001">1257509</controlfield>
  <controlfield tag="005">20260213151152.0</controlfield>
  <datafield tag="245" ind1=" " ind2=" ">
    <subfield code="a">D&#xD6;RT KARDE&#x15E;T&#x130;LER</subfield>
    <subfield code="c">G&#xDC;LTEN DAYIO&#x11E;LU</subfield>
  </datafield>
  <datafield tag="260" ind1=" " ind2=" ">
    <subfield code="b">ALTIN K&#x130;TAPLAR</subfield>
  </datafield>
  <datafield tag="999" ind1=" " ind2=" ">
    <subfield code="c">1257509</subfield>
    <subfield code="d">1257509</subfield>
  </datafield>
  <datafield tag="952" ind1=" " ind2=" ">
    <subfield code="0">0</subfield>
    <subfield code="1">0</subfield>
    <subfield code="2">ddc</subfield>
    <subfield code="4">0</subfield>
    <subfield code="7">0</subfield>
    <subfield code="a">1078</subfield>
    <subfield code="b">1078</subfield>
    <subfield code="d">2026-02-13</subfield>
    <subfield code="l">2</subfield>
    <subfield code="o">1-2</subfield>
    <subfield code="p">10787482</subfield>
    <subfield code="r">2026-02-24 11:20:42</subfield>
    <subfield code="s">2026-02-24</subfield>
    <subfield code="w">2026-02-13</subfield>
    <subfield code="y">BK</subfield>
  </datafield>
</record>
